Statistiken für Quiz nach Schulfächern - Mittel

Klicken Sie hier um das Quiz zu spielen!

Allgemein

  • Dieses Quiz wurde 293 mal gespielt
  • Das Durchschnittsergebnis liegt bei 9 aus 13

Antwortstatistiken

FachFrageAntwort% Korrekt
GeographieWas ist die Hauptstadt von Ägypten?Kairo
94%
EnglischWas ist Falsch: "she go to school"goes
87%
BiologieWie viele Zähne hat ein Mensch?32
85%
ReligionWelches Tier hat dafür gesorgt das Eva den Apfel isst?Schlange
85%
SportWer wurde 2006 Weltmeister?Italien
78%
PhysikWelchem Physiker fiel ein Apfel auf den Kopf?Isaac Newton
75%
ChemieWas ist "Ti" im Periodensystem?Titan
74%
MusikWas kommt hinein (Viva la Vida): "I used to ___ the world"?rule
71%
GeschichteWer war der erste Kanzler des Deutschen Reiches?Otto von Bismarck
65%
KunstWer hat "Sternennacht" gemalt?Vincent van Gogh
55%
MatheWas für einen Rechenart ist das: "12 - 3 = 9"?Subtrahieren
54%
DeutschWas ist "Der Löwe und die Maus"?Fabel
45%
InformatikWie heißt das Zahlen System aus 1 und 0?Binärsystem
43%

Verteilung der Resultate

Perzentil nach korrekt beantworteten Fragen

Anzahl Personen mit jedem Resultat

Ihre Resultats-Entwicklung

Sie haben dieses Quiz noch nicht gespielt